000 00670cam a22002413a 4500
001 1091
003 PGUSA
005 20140828082956.0
008 971101s1997||||xxu|||||s|||||000 | eng d
040 _aPGUSA
_beng
042 _adc
050 4 _aPR
100 1 _aCarlyle, Thomas,
_d1795-1881
245 1 0 _aOn Heroes, Hero-Worship, and the Heroic in History
_h[electronic resource] /
_cThomas Carlyle
260 _bProject Gutenberg,
_c1997
506 _aPublic domain in the USA.
516 _aElectronic text
653 _aHero worship
653 _aHeroes
830 0 _aProject Gutenberg
_v1091
856 4 0 _uhttp://www.gutenberg.org/ebooks/1091
942 _cEB
999 _c230439
_d230439